000 00366pab a2200157 454500
008 180718b2013 xxu||||| |||| 00| 0 eng d
100 _aDas, Kartick
245 _aMicro Credit-The engine of inclusive growth
260 _c2013
300 _ap.12-14.
362 _aJul
650 _aCredit
773 _aKurukshetra (English)
908 _aN
909 _a101260
999 _c101259
_d101259